Gaming Quiz

Random Gaming or Video Games Quiz

Which Classic Video Game? Quiz Stats

 Plays Quiz Updated Jul 25, 2018

Score 0/20 Timer 05:00
2 Plays Today
Question Answer Wrong Answers
Which game is Pac-Man? Pac-Man
96.7%
Donkey Kong
0.2%
QBert
0.2%
Dig Dug
0.2%
Which game is Donkey Kong? Donkey Kong
96.3%
Pac-Man
0.2%
QBert
0.3%
Dig Dug
0.4%
Which game is Dig Dug? Dig Dug
95.4%
Pac-Man
0.2%
Donkey Kong
0.5%
QBert
1.1%
Which game is Tetris? Tetris
95.3%
Missile Command
0.3%
Pong
0.2%
Arkanoid
1.7%
Which game is Q*bert? QBert
93.8%
Pac-Man
0.3%
Donkey Kong
0.7%
Dig Dug
2.5%
Which game is Missile Command? Missile Command
93.3%
Pong
1.5%
Arkanoid
2%
Tetris
0.4%
Which game is Pong? Pong
92.3%
Missile Command
0.5%
Arkanoid
4.4%
Tetris
0.2%
Which game is Rampage? Rampage
90.2%
Frogger
1.9%
Bubble Bobble
3.3%
Centipede
1.7%
Which game is Frogger? Frogger
88.7%
Bubble Bobble
3.8%
Rampage
2.2%
Centipede
2.6%
Which game is Centipede? Centipede
88.5%
Frogger
5.1%
Bubble Bobble
2.5%
Rampage
1.1%
Which game is Bubble Bobble? Bubble Bobble
86.3%
Frogger
2.2%
Rampage
1.3%
Centipede
7.4%
Which game is Space Invaders? Space Invaders
85.3%
Asteroids
1.4%
Sinistar
1.6%
Galaga
9%
Which game is Asteroids? Asteroids
83.3%
Sinistar
4.6%
Space Invaders
5.6%
Galaga
4%
Which game is Sinistar? Sinistar
82.5%
Asteroids
4.7%
Space Invaders
2.7%
Galaga
7.1%
Which game is Dragon's Lair? Dragon's Lair
81.4%
Joust
3%
Defender
0.6%
Gauntlet
12.2%
Which game is Defender? Defender
69.9%
Joust
9.2%
Dragon's Lair
8.6%
Gauntlet
9.5%
Which game is Joust? Joust
67.5%
Defender
6.3%
Dragon's Lair
14.6%
Gauntlet
8.7%
Which game is Galaga? Galaga
66.8%
Asteroids
5.6%
Sinistar
16.8%
Space Invaders
8%
Which game is Gauntlet? Gauntlet
60.7%
Joust
12.4%
Defender
7.2%
Dragon's Lair
16.8%
Which game is Arkanoid? Arkanoid
59.1%
Missile Command
32.9%
Pong
2.8%
Tetris
2.4%

You're not logged in!

Compare scores with friends on all Sporcle quizzes.
OR
Log In

Sporcle TV

Today on Sporcle TV


Watch our educational content, quiz creation guides, and fun videos on Sporcle TV.

Show Comments

Extras

Top Quizzes Today


Score Distribution

Your Account Isn't Verified!

In order to create a playlist on Sporcle, you need to verify the email address you used during registration. Go to your Sporcle Settings to finish the process.

Report this User

Report this user for behavior that violates our Community Guidelines.

Details: